LEADER 01075nam a2200241 i 4500 001 000000060382 003 CaOOAMICUS 005 20230912151959.0 008 120927s1983 it u000 u ita u 013 $a31554 040 $aSeMil$bita 100 1 $aBianchi, Ettore.$0(OLS)http://semarc/name/30720 245 13$aLa necropoli romana della Mandana di Intimiano /$cEttore Bianchi, Giorgio Luraschi, Elena Vassalle. 300 $a254 p. :$bill. ;$c25 cm + 1 c. geogr. ripieg. 500 $aIn testa al front.: Comune di Capiago Intimiano, Societa archeologica comense. 700 1 $aVassalle, Elena.$0(OLS)http://semarc/name/30727 700 1 $aLuraschi, Giorgio,$d <1942-2011>.$0(OLS)http://semarc/name/30726 773 0 $tStoria di Capiago Intimiano.$dComo : Litotipografia Malinverno, 1981-1997.$g3$w()1581 850 $aSeMil 852 $aSeMil$W1$xVenegono$y1$m3P IV 253$j26535$B26535$CSeMilBibl$Z2$F26538 $81 961 $aOmaggio: Casa editrice 996 $6245$aLa necropoli romana della Mandana di Intimiano$9(OLS)http://semarc/title/94634 LEADER 01194nam a2200253 i 4500 001 000000254889 003 CaOOAMICUS 005 20170704000000.0 008 170704s2011 it u000 u ita u 013 $a233794 040 $aSeMil$bita 100 1 $aElli, Michele.$0(OLS)http://semarc/name/8702 245 13$aIl profilo antropologico, etico e teologico dell'adozione /$cRelatore : Prof. Maurizio Chiodi ; Michele Elli. 260 $a[S.l. :$bs.n.],$c2011. 300 $a322 c. ;$c30 cm. 500 $aContiene : Bibliografia. - In testa al front : Facoltà Teologica dell'Italia Settentrionale, Milano. Tesi di Licenza in Teologia, indirizzo di Teologia Morale. 650 4$aAdozione.$0(OLS)http://semarc/subject/11930 650 4$aTesi di laurea.$0(OLS)http://semarc/subject/1690 700 1 $aChiodi, Maurizio,$d<1955- >.$0(OLS)http://semarc/name/13666 850 $aSeMil 852 $aSeMil$W1$xVenegono$y1$m4X IV 44$j205235$B205235$CSeMilBibl$Z2$F218714 $8L 961 $aOmaggio: Fumagalli don Aristide 996 $6245$aIl profilo antropologico, etico e teologico dell'adozione$9(OLS)http://semarc/title/411243 996 $6260$a[S.l. :$bs.n.]$9(OLS)http://semarc/publisher/29751